000 00571cam a22002171 4500
001 sa 63003365
003 DLC
005 20260227111941.0
008 870521s1963 ii 000 0beng
010 _asa 63003365
025 _aPL480:I-E-1579
035 _a(OCoLC)15722914
040 _aDLC
_cCU
_dDLC
042 _apremarc
050 0 0 _aDS385.J5
_bD9
100 1 _aDwarkadas, Kanji,
_d1892-
245 1 0 _aRuttie Jinnah;
_bthe story of a great friendship.
260 _a[Bombay,
_c1963?]
300 _a63 p.
_c22 cm.
600 1 0 _aJinnah, Ruttenbai (Petit)
_d-1929.
999 _c55040
_d55040